[Event "13th Norway Armageddon"]
[Site "Stavanger NOR"]
[Date "2025.05.31"]
[Round "5.2"]
[White "Wei, Yi"]
[Black "Gukesh, D."]
[Result "1-0"]
[Annotator "Tactical Analysis 7.0"]
[WhiteElo "2758"]
[BlackElo "2787"]
[PlyCount "111"]
[GameId "2183753751185103"]
[EventDate "2025.05.26"]


1. e4 c6 2. d4 d5 3. exd5 cxd5 4. Bd3 Nc6 5. c3 e6 6. Nf3 {B13: Caro-Kann: Exchange Variation and Panov-Botvinnik Attack.} Bd6 7. O-O Nge7 8. Re1 {White is slightly better.} O-O 9. Ng5 $5 {[%mdl 4] Exploring less charted territory.} Nf5 10. Qh5 $40 {[%eval -21,29] [%wdl 11,940,49][%mdl 128] White mounts an attack.} (10. Na3 {[%eval 24,29] [%wdl 55,936,9] should be considered.}) 10... h6 $11 11. Nf3 $146 ({Predecessor:} 11. Bxf5 exf5 12. Nh3 Re8 13. Rf1 b6 14. Bf4 Qc7 15. Bxd6 Qxd6 {½-½ Hermanowicz,D (2078)-Ogonowska,K (1887) POL-chT2 Poronin 2013 (3.60)}) 11... g6 12. Qh3 {[%cal Og2g4]} h5 {[%cal Oe6e5]} 13. Ne5 Bxe5 $2 {[%eval 158,27] [%wdl 912,88,0]} (13... Kg7 $11 {[%eval -27,28] [%wdl 9,931,60]}) 14. dxe5 $16 f6 15. Bxf5 exf5 {[%cal Be6f5,Bf5f4][%mdl 32] Black is weak on the dark squares} 16. Qg3 Kh7 {[%eval 221,28] [%wdl 997,3,0]} (16... Qe8 $142 {[%eval 161,29] [%wdl 951,49,0]}) 17. exf6 $18 Qxf6 {and ...f4 should not be overlooked} 18. Bg5 (18. Qf4 $6 Be6 $16) 18... f4 19. Qh4 Qf5 20. Nd2 {[%eval 140,29] [%wdl 883,117,0]} (20. h3 $18 {[%eval 191,24] [%wdl 990,10,0]}) 20... Qg4 $16 21. Nf3 Qxh4 {[%eval 182,28] [%wdl 990,10,0]} (21... Bd7 $16 {[%eval 136,30] [%wdl 857,143,0]}) 22. Nxh4 $18 (22. Bxh4 $6 Bf5 $16) 22... Bd7 23. Rad1 Rae8 24. Rxe8 Rxe8 {[%cal Bf8e8,Be8e2,Be2a2,Ba2a1,Ba1d1][%mdl 32] [#]} 25. h3 $1 (25. Rxd5 $2 Re1#) (25. Bxf4 $6 Re2 $14) 25... Re2 26. Rxd5 (26. Bxf4 Rxb2 27. Rxd5 Be8 $14) 26... Be8 27. b4 (27. Bxf4 Rxb2 28. Rd2 Rxd2 29. Bxd2 Bf7 $14) 27... a6 {[%eval 346,26] [%wdl 1000,0,0]} (27... Re5 {[%eval 220,24] [%wdl 999,1,0] was worth a try.} 28. Rxe5 Nxe5 29. Bxf4 Nd3) 28. Bxf4 Rxa2 29. Nf3 Kg8 30. Nd2 Ra1+ 31. Kh2 Rd1 32. Be3 Kf7 33. Rd6 Ke7 34. Rd5 Ke6 35. Rg5 {[%eval 106,29] [%wdl 588,412,0]} (35. Rc5 $18 {[%eval 190,33] [%wdl 994,6,0]}) 35... Ne7 $16 36. Nb3 Nf5 $1 37. Nd4+ $1 Nxd4 38. Bxd4 $14 {[%mdl 4096] Endgame KRB-KRB. White is a pawn up.} Kf7 {[#]} 39. Rd5 $1 Re1 40. Be3 Bc6 41. Rd6 Re2 42. Kg3 Re1 43. Rd8 {Black cannot hold the game after this.} Re2 $2 {[%eval 220,32] [%wdl 999,1,0]} (43... Rg1 $14 {[%eval 58,33] [%wdl 80,920,0]}) 44. Rh8 Re1 45. Rh7+ Ke6 46. Rg7 Kf5 47. Bd4 Re6 48. f3 Rd6 49. Re7 g5 50. h4 gxh4+ 51. Kxh4 {And now g4+ would win. White is clearly winning.} Rg6 52. Re5+ ({Weaker is} 52. Kxh5 Rxg2 53. Rf7+ Ke6 54. Rf6+ Ke7 $16) 52... Kf4 53. Re2 (53. Kxh5 Rxg2 54. Re7 Bxf3+ 55. Kh6 Bc6 $11) 53... Rg8 54. Re6 {[%cal Re6f6]} (54. Kxh5 Rxg2 55. Rxg2 Bxf3+ 56. Kg6 Bxg2 $11) 54... Bd7 55. Rf6+ Bf5 {Weighted Error Value: White=0.11 (very precise) /Black=0.33} 56. g3+ ({Inferior is} 56. Kxh5 Rxg2 57. Kh6 Rg3 $11) 1-0

[Event "13th Norway Armageddon"]
[Site "Stavanger NOR"]
[Date "2025.05.31"]
[Round "5.3"]
[White "Caruana, Fabiano"]
[Black "Carlsen, Magnus"]
[Result "0-1"]
[Annotator "Tactical Analysis 7.0"]
[WhiteElo "2776"]
[BlackElo "2837"]
[PlyCount "112"]
[GameId "2183764464658417"]
[EventDate "2025.05.26"]


1. e4 e5 2. Nf3 Nc6 3. Bc4 Nf6 4. d3 Bc5 5. c3 d6 6. Bg5 h6 7. Bh4 a6 8. a4 {C54: Giuoco Piano: 4 c3 Nf6, main lines with 5 d4 and 5 d3.} Ba7 9. Nbd2 Qe7 $1 {9...Qe7 is better than 9...g5.} 10. b4 {The position is equal.} Nd8 $5 {[%cal Bc6d8,Bd8e6,Be6f4][%mdl 4] An interesting side line.} 11. O-O Ne6 {Against d4} 12. d4 $146 ({Predecessor:} 12. Bb3 g5 13. Bg3 h5 14. h4 g4 15. Ne1 Nf4 16. Nc4 Ng6 17. Ne3 Ng8 18. Nd5 {1-0 Fiorito,J (2404)-Gomez Barrera,J (2209) Titled Tuesday intern op 25th Jun Early Chess.com INT blitz 2024 (4)}) 12... Nf4 13. Re1 Bg4 14. Nf1 {[%eval -11,28] [%wdl 19,941,40]} (14. h3 $142 {[%eval 28,29] [%wdl 72,918,10]} Bd7 15. Bb3) 14... Ng6 $1 $11 {[#]} 15. Bg3 Bxf3 16. Qxf3 (16. gxf3 {simplifies} Nh5 17. Kh1 Nhf4 18. Ne3) 16... exd4 17. cxd4 (17. e5 dxe5 18. Qxb7 O-O 19. cxd4 Bxd4 $17) 17... Bxd4 18. Rad1 Ne5 19. Qb3 Ba7 20. Ne3 Bxe3 (20... Nxe4 $2 21. Nd5 Qd8 22. Rxe4 $18) 21. Rxe3 Nh5 {[%eval 95,37] [%wdl 439,561,0]} (21... Nxc4 $11 {[%eval -25,29] [%wdl 2,975,23] remains equal.} 22. Qxc4 O-O) 22. Be2 {[%eval -12,26] [%wdl 4,983,13]} (22. Bxe5 $16 {[%eval 95,37] [%wdl 439,561,0]} dxe5 23. Red3) 22... Nxg3 23. hxg3 O-O 24. f4 Nd7 25. Bf3 a5 26. b5 Nc5 27. Qc2 Rad8 {[%cal Od6d5]} 28. Rde1 {[%eval -90,29] [%wdl 0,627,373]} (28. Kh2 $15 {[%eval -41,31] [%wdl 1,959,40] was preferable.}) 28... c6 {[%eval -5,30] [%wdl 3,991,6]} (28... b6 $17 {[%eval -90,29] [%wdl 0,627,373] Black wants to play ...Qf6.} 29. Bd1 Qf6) 29. bxc6 bxc6 30. Rc1 Qa7 {[%cal Oc5e4]} 31. Kh2 {[%eval -47,32] [%wdl 0,948,52] [#]} (31. Qf2 $1 $11 {[%eval 0,31] [%wdl 4,992,4]}) 31... Nxa4 $1 {[%csl Oe3][%mdl 64] Discovered Attack} 32. Ra3 (32. Ree1 Nc5) 32... Nc5 33. Qf2 Rd7 34. Bg4 $2 {[%eval -239,26] [%wdl 0,0,1000]} (34. e5 $11 {[%eval -17,34] [%wdl 2,988,10]}) 34... Nxe4 $19 35. Qa2 Rc7 36. Rxa5 {[%eval -390,31] [%wdl 0,0,1000]} (36. Bf3 $142 {[%eval -246,28] [%wdl 0,0,1000]} Nc5 37. Rxa5) 36... Qe3 {[%csl LRc1,LRg3]} 37. Qa3 Qxa3 38. Rxa3 d5 39. Bf3 f5 40. Ra6 {[%eval -386,20] [%wdl 0,0,1000]} (40. g4 $142 {[%eval -260,23] [%wdl 0,0,1000]}) 40... Rf6 41. Ra8+ Kh7 42. Rd8 Rd6 {[%eval -85,27] [%wdl 0,702,298]} (42... h5 $19 {[%eval -350,27] [%wdl 0,0,1000] and Black stays clearly on top. Strongly threatening ...Re6.} 43. Rxd5 cxd5 44. Rxc7 Rd6) 43. Rxd6 $17 Nxd6 44. Bxd5 {[%mdl 4096] Endgame KRB-KRN. Black is a pawn up.} c5 45. Bb3 {[%eval -386,22] [%wdl 0,0,1000][%mdl 8192]} (45. Be6 $17 {[%eval -127,25] [%wdl 0,173,827] is a better defense.}) 45... c4 $19 46. Bc2 g6 47. Rd1 Ne4 48. Rd4 h5 49. Kh3 c3 50. Kh4 Kh6 51. Rd3 Ra7 52. Rd1 {Prevents Ra1.} Ra2 53. Rc1 Nf2 54. Bb3 Rb2 55. Rxc3 Rb1 {[%cal Rb1h1]} 56. g4 {Weighted Error Value: White=0.49/Black=0.21 (precise)} Rh1+ ({And not} 56... fxg4 57. Bc2 Rc1 58. Rc6 $11) (56... Nxg4 $2 57. Bd5 $19) (56... hxg4 $2 57. Bc2 Rc1 58. Rc6 $19) 0-1

[Event "13th Norway Chess Women"]
[Site "Stavanger NOR"]
[Date "2025.05.31"]
[Round "5.1"]
[White "Khademalsharieh, Sarasadat"]
[Black "Vaishali, Rameshbabu"]
[Result "0-1"]
[Annotator "Tactical Analysis 7.0"]
[WhiteElo "2449"]
[BlackElo "2475"]
[PlyCount "70"]
[GameId "2183776510875977"]
[EventDate "2025.05.26"]


1. d4 Nf6 2. c4 e6 3. Nf3 Bb4+ 4. Nbd2 O-O 5. a3 Be7 6. e4 d6 {[%cal Oe6e5] E11: Bogo-Indian.} 7. Be2 {7.Be2 scores better than 7.Bd3.} Nfd7 8. b4 e5 {White is slightly better.} 9. d5 a5 10. Bb2 c6 11. O-O {[%cal Oc4c5]} cxd5 12. cxd5 axb4 13. axb4 Rxa1 14. Qxa1 Nb6 15. Rc1 {[%eval 0,34] [%wdl 8,985,7]} (15. Qa7 $14 {[%eval 44,28] [%wdl 62,937,1] was preferable.} N8d7 16. Bd1) 15... f5 $11 16. Qa5 N8d7 {[%cal Bb8d7,Bd7f6,Bf6h5,Bh5f4][%mdl 32]} 17. exf5 Nf6 $1 18. Qa2 $146 {[%cal Of3e5]} ({Predecessor:} 18. Ng5 Nfxd5 19. Ne6 Bxe6 20. fxe6 Nf4 21. Bb5 Nbd5 22. Ne4 b6 23. Qa3 Nc7 24. Bf1 Nfxe6 {1-0 Xi,Q (2246)-Jiang,T (2003) Binhai Cup-A 4th 2024 (3)}) 18... Kh8 {Black continues to play with concentration.} 19. Bc4 {[%eval -143,23] [%wdl 0,107,893]} (19. Nf1 $1 $11 {[%eval -13,27] [%wdl 4,983,13]}) 19... Bxf5 $17 20. Bb3 {[%eval -226,25] [%wdl 0,2,998]} (20. b5 $17 {[%eval -149,26] [%wdl 0,78,922] might work better.}) 20... Qd7 $19 21. Qa5 {[#]} Bd8 {[%cal Ob6d5]} 22. Qa2 Nh5 23. Bc4 Nf4 24. Bf1 Nbxd5 {[%cal Oe5e4]} ({Much less strong is} 24... Nfxd5 25. Qb3 $17) 25. Qb3 Qf7 26. Nc4 Qg6 27. Kh1 b5 28. Ne3 Be4 29. Nxd5 Bxd5 30. Qe3 {[#] White is weak on the light squares} Bc4 $1 {[%mdl 512] ...Bxf1 would now be deadly.} 31. g3 (31. Nxe5 dxe5) 31... Nd5 {[%csl LRb4,LRe3]} 32. Qa3 Bxf1 33. Rxf1 Qe4 {[%csl LRb4,LRf3]} 34. Kg2 Bb6 ({Not} 34... Qxb4 35. Qxb4 Nxb4 36. Ba3 $11) 35. Rd1 {[#]} {Weighted Error Value: White=0.57/Black=0.04 (flawless)} Ne3+ $1 {[%mdl 512]} 0-1

[Event "13th Norway Armageddon w"]
[Site "Stavanger NOR"]
[Date "2025.05.31"]
[Round "5.3"]
[White "Koneru, Humpy"]
[Black "Lei, Tingjie"]
[Result "1-0"]
[Annotator "Tactical Analysis 7.0"]
[WhiteElo "2543"]
[BlackElo "2552"]
[PlyCount "75"]
[GameId "2183782547929807"]
[EventDate "2025.05.26"]


1. Nf3 Nf6 2. c4 c6 3. Nc3 d5 4. e3 g6 5. d4 Bg7 6. Be2 O-O 7. O-O dxc4 8. Bxc4 Bg4 9. h3 Bxf3 10. Qxf3 Nbd7 11. Rd1 e5 {[%cal Be7e5,Be5e4][%mdl 32]} 12. d5 e4 $1 13. Qe2 {D94: Grünfeld: 4 Nf3 Bg7 5 e3.} cxd5 14. Nxd5 Ne5 15. Nxf6+ {White has an edge.} Qxf6 16. Bd5 {[%csl LRb7,LRe4]} (16. Rb1 $5) 16... Qf5 17. Bxb7 Rab8 $146 ({Predecessor:} 17... Rad8 18. Bd2 Rb8 19. Ba6 Rxb2 20. Rdb1 Nf3+ 21. gxf3 exf3 22. Qd1 Qxh3 23. Bf1 Qg4+ 24. Kh1 Be5 25. Qxf3 Qxf3+ 26. Bg2 Qh5+ 27. Kg1 Rxd2 {0-1 Martin Carmona,G (2335)-Bjelobrk,I (2405) Titled Tuesday intern op 18th Oct Late Chess.com INT blitz 2022 (3)}) 18. Ba6 {[%eval -156,23] [%wdl 0,53,947]} (18. Bd5 $1 $15 {[%eval -39,29] [%wdl 1,956,43]}) 18... g5 {[%eval -70,27] [%wdl 0,821,179]} (18... Nf3+ $1 $17 {[%eval -156,23] [%wdl 0,53,947]} 19. Kf1 (19. gxf3 exf3 20. Qf1 Rb4 $15) 19... Rfd8 (19... Rbd8 20. Bd2 $11)) 19. Qf1 $2 {[%eval -408,23] [%wdl 0,0,1000][%mdl 8192] [#]} (19. Bd2 $1 $15 {[%eval -70,27] [%wdl 0,821,179]}) 19... g4 $1 $19 20. hxg4 Nxg4 {[%eval -20,26] [%wdl 2,984,14]} (20... Qxg4 $19 {[%eval -418,20] [%wdl 0,0,1000] ( -> ...Nf3+)} 21. Be2 Nf3+ 22. Bxf3 exf3) 21. Be2 $11 Rb6 {...Rh6 would now be deadly.} 22. f3 Ne5 23. fxe4 Qxe4 24. Rd4 {[%cal Bd1d4,Bd4f4,Bf4f5,Bf5e5][%mdl 32]} Qg6 25. Rf4 Rd8 {[%mdl 1024] Black has compensation.} 26. a4 a5 27. Ra3 Bh6 28. Rf5 Bg7 29. Rc3 Re6 $2 {[%eval 399,24] [%wdl 1000,0,0][%mdl 8192] [#]} (29... Qd6 $11 {[%eval 17,31] [%wdl 11,987,2]}) 30. Rc5 $2 {[%eval 36,28] [%wdl 31,968,1]} (30. Bh5 $1 $18 {[%eval 399,24] [%wdl 1000,0,0]} Qg3 31. e4 (31. Bxf7+ $2 Nxf7 32. Rxf7 Bxc3 $17)) 30... Bh6 $2 {[%eval 521,23] [%wdl 1000,0,0][%mdl 8192]} 31. Rcxe5 $18 Rxe5 32. Rxe5 Qc2 33. b3 Qc3 34. Rf5 Bxe3+ 35. Bxe3 Qxe3+ 36. Qf2 Qxb3 37. Rg5+ Kf8 {Never resign too early!   Weighted Error Value: White=0.43/Black=0.92} 38. Qc5+ 1-0